[Event "Rottach Egern Seniors Cup 13th"]
[Site "Rottach Egern"]
[Date "2025.04.03"]
[Round "6"]
[White "Scheckenbach, Franz"]
[Black "Loew, Gerald"]
[Result "0-1"]
[WhiteElo "2045"]
[BlackElo "2175"]
[PlyCount "100"]
[EventDate "2025.03.29"]
[EventType "swiss"]
[EventRounds "9"]
[EventCountry "GER"]
[SourceTitle "CB16_2025"]
[SourceDate "2025.04.16"]
[SourceVersion "1"]
[SourceVersionDate "2025.04.16"]
[SourceQuality "1"]

1. e4 d5 2. exd5 Nf6 3. Nf3 Nxd5 4. d4 g6 5. Be2 Bg7 6. 0-0 0-0 7. c4 Nb6 8. h3 c5 9. d5 e6 10. Nc3 exd5 11. Nxd5 Be6 12. Bg5 f6 13. Be3 Nxd5 14. cxd5 Qxd5 15. Qxd5 Bxd5 16. Rfd1 Bf7 17. Bxc5 Re8 18. Bb5 Nc6 19. Rd2 a6 20. Ba4 Rad8 21. Nd4 Nxd4 22. Rxd4 Rxd4 23. Bxd4 Re4 24. Rd1 Bxa2 25. Bc2 Re2 26. Bd3 Re7 27. Bc3 Bb3 28. Ra1 f5 29. Bxg7 Kxg7 30. Ra3 Re1+ 31. Kh2 Bd5 32. Kg3 Rd1 33. Rc3 Rd2 34. b4 Rb2 35. Bc4 Bxc4 36. Rxc4 Kf6 37. f4 Ke6 38. Rd4 h5 39. Kh4 Re2 40. b5 Re4 41. Rd2 axb5 42. Kg5 b4 43. Kxg6 Rxf4 44. Kxh5 b3 45. Kg5 Rb4 46. Re2+ Kd5 47. Rb2 Kd4 48. h4 Kc3 49. Rb1 Rg4+ 50. Kxf5 Rxg2 0-1

[Event "Rottach Egern Seniors Cup 13th"]
[Site "Rottach Egern"]
[Date "2025.04.02"]
[Round "5"]
[White "Scheckenbach, Franz"]
[Black "Bruns, Elmar"]
[Result "1-0"]
[WhiteElo "2045"]
[BlackElo "1927"]
[PlyCount "55"]
[EventDate "2025.03.29"]
[EventType "swiss"]
[EventRounds "9"]
[EventCountry "GER"]
[SourceTitle "CB16_2025"]
[SourceDate "2025.04.16"]
[SourceVersion "1"]
[SourceVersionDate "2025.04.16"]
[SourceQuality "1"]

1. e4 c6 2. Nf3 d5 3. exd5 cxd5 4. Ne5 Nc6 5. d4 e6 6. c3 Bd6 7. Bb5 Bd7 8. Nxd7 Qxd7 9. 0-0 Nf6 10. Nd2 a6 11. Bd3 0-0 12. f4 Qc7 13. g3 b5 14. a3 Na5 15. Qe2 g6 16. Nf3 Nb3 17. Rb1 Nxc1 18. Rbxc1 Qb7 19. Rce1 Nd7 20. Ng5 Rae8 21. Qg4 Nf6 22. Qh4 Kg7 23. Re3 h6 24. Nf3 Ne4 25. Qh3 f5 26. Qg2 Rc8 27. Qe2 Rb8 28. Nh4 1-0

[Event "Bayern-chI Bank Hofmann 27th"]
[Site "Gmund am Tegernsee"]
[Date "2024.10.28"]
[Round "3"]
[White "Scheckenbach, Franz"]
[Black "Hofbauer, Karl"]
[Result "1-0"]
[WhiteElo "2076"]
[BlackElo "1950"]
[PlyCount "93"]
[EventDate "2024.10.26"]
[EventType "swiss"]
[EventRounds "9"]
[EventCountry "GER"]
[SourceTitle "CB45_2024"]
[Source "ChessBase"]
[SourceDate "2024.11.06"]
[SourceVersion "1"]
[SourceVersionDate "2024.11.06"]
[SourceQuality "1"]

1. e4 c5 2. Nf3 e6 3. d3 Nc6 4. g3 d6 5. Bg2 g6 6. 0-0 Bg7 7. Re1 Nge7 8. c3 e5 9. Be3 0-0 10. Qc1 Bd7 11. Nbd2 b5 12. Nf1 b4 13. Bh6 bxc3 14. bxc3 Rb8 15. Bxg7 Kxg7 16. Ne3 h6 17. Nc4 Be6 18. Nfd2 g5 19. Ne3 Na5 20. Qc2 Qc7 21. Ndc4 Bd7 22. Qe2 f6 23. Bf3 Nac6 24. Bg4 f5 25. Nxf5+ Nxf5 26. Bxf5 Bxf5 27. exf5 Rxf5 28. Ne3 Rff8 29. Rab1 Qf7 30. Rxb8 Rxb8 31. h4 Rf8 32. hxg5 hxg5 33. Kg2 Ne7 34. Ng4 Qd5+ 35. f3 Rh8 36. c4 Qe6 37. Rb1 Rf8 38. Rb7 a5 39. Qd2 Kg6 40. Qe3 Rf7 41. Qe4+ Qf5 42. Rb6 Kg7 43. Rxd6 Qxe4 44. dxe4 Ng6 45. Rxg6+ Kxg6 46. Nxe5+ Kf6 47. Nxf7 1-0

[Event "Bayern-chI Bank Hofmann 27th"]
[Site "Gmund am Tegernsee"]
[Date "2024.10.26"]
[Round "1"]
[White "Scheckenbach, Franz"]
[Black "Dolzhikova, Kateryna"]
[Result "0-1"]
[WhiteElo "2076"]
[BlackElo "2345"]
[PlyCount "76"]
[EventDate "2024.10.26"]
[EventType "swiss"]
[EventRounds "9"]
[EventCountry "GER"]
[SourceTitle "CB45_2024"]
[Source "ChessBase"]
[SourceDate "2024.11.06"]
[SourceVersion "1"]
[SourceVersionDate "2024.11.06"]
[SourceQuality "1"]

1. e4 e6 2. d4 d5 3. e5 c5 4. c3 Nc6 5. Nf3 Nh6 6. Bd3 Nf5 7. 0-0 h6 8. Be3 cxd4 9. cxd4 g5 10. g4 Nxe3 11. fxe3 Bd7 12. Nc3 Qb6 13. a3 Be7 14. b4 h5 15. h3 hxg4 16. hxg4 a6 17. Qe2 Na7 18. Kg2 0-0-0 19. Qc2 Kb8 20. Na4 Bxa4 21. Qxa4 f5 22. exf6 Bxf6 23. Rh1 Qd6 24. Qc2 e5 25. dxe5 Bxe5 26. Rad1 Rxh1 27. Rxh1 d4 28. exd4 Bxd4 29. Bf5 Bb6 30. Qb2 Nb5 31. Rh3 Qd1 32. Rh1 Qd5 33. Rh8 Rxh8 34. Qxh8+ Ka7 35. Qe8 Qa2+ 36. Kh1 Qf2 37. Be4 Qf1+ 38. Kh2 Bc7+ 0-1

[Event "WchT Seniors 50"]
[Site "Krakow"]
[Date "2024.07.09"]
[Round "7.4"]
[White "Kantorik, Marian"]
[Black "Scheckenbach, Franz"]
[Result "0-1"]
[WhiteElo "2198"]
[BlackElo "2072"]
[PlyCount "74"]
[EventDate "2024.07.02"]
[EventType "team-swiss"]
[EventRounds "9"]
[EventCountry "POL"]
[SourceTitle "CBM 221 Extra"]
[Source "ChessBase"]
[SourceDate "2024.09.30"]
[SourceVersion "1"]
[SourceVersionDate "2024.09.30"]
[SourceQuality "1"]
[WhiteTeam "Slovakia 50"]
[BlackTeam "Germany 50"]
[WhiteTeamCountry "SVK"]
[BlackTeamCountry "GER"]

1. d4 d5 2. c4 e6 3. Nf3 c5 4. cxd5 exd5 5. Nc3 Nc6 6. g3 Nf6 7. Bg2 cxd4 8. Nxd4 Bc5 9. Nxc6 bxc6 10. 0-0 0-0 11. Na4 Bb6 12. Bf4 Bf5 13. Rc1 Rc8 14. b4 Re8 15. Nc5 Bxc5 16. Rxc5 Qe7 17. Bg5 h6 18. Bxf6 Qxf6 19. e3 Be4 20. Bxe4 Rxe4 21. b5 Rc4 22. Rxc6 R8xc6 23. bxc6 Qxc6 24. Qb3 a5 25. Qb8+ Kh7 26. Qd8 a4 27. Rd1 Rc1 28. Rxc1 Qxc1+ 29. Kg2 Qc4 30. a3 Qc5 31. Qd7 Qxa3 32. Qxf7 Qd3 33. f4 a3 34. f5 Qe4+ 35. Kf2 a2 36. Qa7 Qxf5+ 37. Kg2 Qb1 0-1

[Event "WchT Seniors 50"]
[Site "Krakow"]
[Date "2024.07.05"]
[Round "4.4"]
[White "Scheckenbach, Franz"]
[Black "Heatlie, Douglas S"]
[Result "1-0"]
[WhiteElo "2072"]
[BlackElo "1834"]
[PlyCount "61"]
[EventDate "2024.07.02"]
[EventType "team-swiss"]
[EventRounds "9"]
[EventCountry "POL"]
[SourceTitle "CBM 221 Extra"]
[Source "ChessBase"]
[SourceDate "2024.09.30"]
[SourceVersion "1"]
[SourceVersionDate "2024.09.30"]
[SourceQuality "1"]
[WhiteTeam "Germany 50"]
[BlackTeam "Scotland 50"]
[WhiteTeamCountry "GER"]
[BlackTeamCountry "SCO"]

1. e4 e5 2. Nf3 Nc6 3. Bc4 h6 4. c3 d6 5. h3 Nf6 6. Qe2 Qe7 7. d3 Bd7 8. b4 a6 9. a4 Be6 10. Na3 g6 11. 0-0 Bg7 12. Bxe6 fxe6 13. Nc4 0-0 14. Nh4 Qe8 15. g3 g5 16. Ng2 Qg6 17. Kh2 Rf7 18. Nce3 h5 19. f4 exf4 20. gxf4 Nxe4 21. dxe4 Bxc3 22. f5 exf5 23. exf5 Qf6 24. Rb1 h4 25. Ng4 Qg7 26. Bb2 Re7 27. Qc4+ d5 28. Qxc3 Qxc3 29. Bxc3 d4 30. Bd2 Re4 31. Nf6+ 1-0

[Event "WchT Seniors 50"]
[Site "Krakow"]
[Date "2024.07.02"]
[Round "1.4"]
[White "Scheckenbach, Franz"]
[Black "Thomas, Gary"]
[Result "1/2-1/2"]
[WhiteElo "2072"]
[BlackElo "1865"]
[PlyCount "62"]
[EventDate "2024.07.02"]
[EventType "team-swiss"]
[EventRounds "9"]
[EventCountry "POL"]
[SourceTitle "CBM 221 Extra"]
[Source "ChessBase"]
[SourceDate "2024.09.30"]
[SourceVersion "1"]
[SourceVersionDate "2024.09.30"]
[SourceQuality "1"]
[WhiteTeam "Germany 50"]
[BlackTeam "Wales Silures 50"]
[WhiteTeamCountry "GER"]
[BlackTeamCountry "WLS"]

1. Nf3 d5 2. g3 c5 3. Bg2 Nc6 4. 0-0 Nf6 5. d3 e5 6. Nbd2 Be7 7. e4 0-0 8. c3 dxe4 9. dxe4 Qd3 10. Re1 Rd8 11. Bf1 Qd6 12. Qc2 Bg4 13. Nc4 Qc7 14. Bg2 Rd7 15. Bg5 Rad8 16. Bxf6 Bxf6 17. Ne3 Be6 18. Bf1 a6 19. Bc4 Bxc4 20. Nxc4 g6 21. Rad1 b5 22. Ne3 Ne7 23. Rxd7 Rxd7 24. Rd1 h5 25. h3 Bg7 26. g4 Qd8 27. Kg2 hxg4 28. hxg4 f6 29. Rxd7 Qxd7 30. Qd1 Qxd1 31. Nxd1 f5 1/2-1/2

[Event "Rottach Egern Seniors Cup 12th"]
[Site "Rottach Egern"]
[Date "2024.04.10"]
[Round "5"]
[White "Scheckenbach, Franz"]
[Black "Crickmore, Neil EG"]
[Result "1/2-1/2"]
[WhiteElo "2038"]
[BlackElo "2151"]
[PlyCount "88"]
[EventDate "2024.04.06"]
[EventType "swiss"]
[EventRounds "9"]
[EventCountry "GER"]
[SourceTitle "CBM 219 Extra"]
[Source "ChessBase"]
[SourceDate "2024.05.31"]
[SourceVersion "1"]
[SourceVersionDate "2024.05.31"]
[SourceQuality "1"]

1. e4 d6 2. d4 Nf6 3. Nc3 g6 4. f4 Bg7 5. Nf3 c5 6. dxc5 Qa5 7. Bd3 Qxc5 8. Qe2 0-0 9. Be3 Qa5 10. 0-0 Bg4 11. h3 Bxf3 12. Qxf3 Nc6 13. Ne2 Nd7 14. c3 Nde5 15. fxe5 Nxe5 16. Qg3 Nxd3 17. Bg5 Nxb2 18. Bxe7 Rfe8 19. Bf6 Nc4 20. Bxg7 Kxg7 21. Nd4 Qe5 22. Rf4 f6 23. Rb1 Nb6 24. Rb5 d5 25. exd5 Nxd5 26. Rxb7+ Kg8 27. Rg4 Qxg3 28. Rxg3 Rec8 29. Ne2 Rcb8 30. Rxb8+ Rxb8 31. Rd3 Nb6 32. Kf2 Kf7 33. Nd4 Nc4 34. Nb3 Rb7 35. Rd4 Rc7 36. Ke2 h5 37. Kd3 Ne5+ 38. Kd2 g5 39. Nc1 Ke6 40. Ne2 f5 41. Ra4 Nc4+ 42. Ke1 Ne3 43. Kf2 Nd1+ 44. Ke1 Ne3 1/2-1/2

[Event "Rottach Egern Seniors Cup 12th"]
[Site "Rottach Egern"]
[Date "2024.04.08"]
[Round "3"]
[White "Scheckenbach, Franz"]
[Black "Unterkoffler, Thomas"]
[Result "1-0"]
[WhiteElo "2038"]
[BlackElo "1917"]
[PlyCount "65"]
[EventDate "2024.04.06"]
[EventType "swiss"]
[EventRounds "9"]
[EventCountry "GER"]
[SourceTitle "CBM 219 Extra"]
[Source "ChessBase"]
[SourceDate "2024.05.31"]
[SourceVersion "1"]
[SourceVersionDate "2024.05.31"]
[SourceQuality "1"]

1. e4 d5 2. exd5 Qxd5 3. Nf3 Bg4 4. Be2 Nf6 5. Nc3 Qd6 6. h3 Bh5 7. d4 c6 8. g4 Bg6 9. Ne5 Nbd7 10. f4 Be4 11. Nxe4 Nxe4 12. Qd3 Nef6 13. Bd2 e6 14. 0-0-0 Rd8 15. c4 c5 16. g5 Ng8 17. Nxd7 Rxd7 18. d5 Ne7 19. Bg4 Rd8 20. Qe2 exd5 21. cxd5 Qa6 22. Qxa6 bxa6 23. Bf3 f5 24. Ba5 Rd6 25. Bc7 Rd7 26. d6 Kf7 27. dxe7 Rxc7 28. exf8Q+ Rxf8 29. Bd5+ Kg6 30. h4 h6 31. h5+ Kh7 32. g6+ Kh8 33. Rhe1 1-0

[Event "Bayern-chI Bank Hofmann 25th"]
[Site "Tegernsee"]
[Date "2022.11.05"]
[Round "1"]
[White "Csiki, Endre"]
[Black "Scheckenbach, Franz"]
[Result "1-0"]
[WhiteElo "2312"]
[BlackElo "2064"]
[PlyCount "77"]
[EventDate "2022.11.05"]
[EventType "swiss"]
[EventRounds "9"]
[EventCountry "GER"]
[SourceTitle "CBM 211 Extra"]
[Source "ChessBase"]
[SourceDate "2023.01.31"]
[SourceVersion "1"]
[SourceVersionDate "2023.01.31"]
[SourceQuality "1"]

1. e4 c5 2. Nf3 d6 3. Bb5+ Nd7 4. a4 g6 5. 0-0 Bg7 6. a5 Ngf6 7. Nc3 0-0 8. Re1 e5 9. a6 Nb8 10. axb7 Bxb7 11. d3 h6 12. Bc4 Nc6 13. Ba6 Qc8 14. Bxb7 Qxb7 15. Nd2 Rad8 16. Nc4 d5 17. exd5 Nxd5 18. Ne4 Qe7 19. Na5 Nxa5 20. Rxa5 c4 21. b3 cxb3 22. Ba3 Qc7 23. Rc5 Qb7 24. c4 Nf4 25. Rb5 Qa8 26. Bxf8 Rxd3 27. Qb1 Bxf8 28. g3 f5 29. Nf6+ Kf7 30. gxf4 Qf3 31. fxe5 Be7 32. Rd5 Rc3 33. Qd1 Qf4 34. Rd7 Qxc4 35. Qd5+ Qxd5 36. Nxd5 Rd3 37. Rxe7+ Kf8 38. Rd7 a5 39. e6 1-0

[Event "Mittelfrank Regionalliga Sud-Ost 2223"]
[Site "Mittelfranken"]
[Date "2022.10.09"]
[Round "1.1"]
[White "Scheckenbach, Franz"]
[Black "Stoettner, Moritz"]
[Result "1-0"]
[WhiteElo "2008"]
[BlackElo "2173"]
[PlyCount "101"]
[EventDate "2022.10.09"]
[EventType "team-tourn"]
[EventRounds "9"]
[EventCountry "GER"]
[SourceTitle "EXT 2024"]
[Source "ChessBase"]
[SourceDate "2023.10.10"]
[SourceVersion "1"]
[SourceVersionDate "2023.10.10"]
[SourceQuality "1"]
[WhiteTeam "Groebenzell II"]
[BlackTeam "Landau Dingolfing"]
[WhiteTeamCountry "GER"]
[BlackTeamCountry "GER"]

1. Nf3 d5 2. g3 c5 3. Bg2 Nc6 4. 0-0 e5 5. d3 Be7 6. e4 d4 7. Nbd2 h5 8. Nc4 Qc7 9. a4 h4 10. Nxh4 Bxh4 11. gxh4 Be6 12. h5 Nf6 13. Bf3 g6 14. h6 Ng8 15. b3 Nxh6 16. Bg5 Ng8 17. Bg4 Qd7 18. Bxe6 Qxe6 19. Qf3 f6 20. Bd2 0-0-0 21. Kg2 Rd7 22. Rh1 Rdh7 23. h3 Kb8 24. a5 Rh4 25. Qg3 g5 26. f3 Nge7 27. Rh2 Ng6 28. Rah1 Nf4+ 29. Bxf4 gxf4 30. Qf2 Rg8+ 31. Kf1 Rg3 32. Ke2 Nb4 33. Kd2 Qf7 34. Nd6 Qg6 35. Nf5 Rhxh3 36. Rxh3 Rg2 37. Rh8+ Kc7 38. R1h7+ Kc6 39. Ne7+ Kb5 40. Nxg6 Rxf2+ 41. Kd1 Nxc2 42. Rxb7+ Kxa5 43. Ra8 a6 44. Rc8 Ne3+ 45. Ke1 Rc2 46. Ne7 Rc1+ 47. Kf2 Rc2+ 48. Kg1 Rc1+ 49. Kh2 Nf1+ 50. Kh3 Ne3 51. Nc6# 1-0

[Event "WchT Seniors 50"]
[Site "Prague"]
[Date "2020.03.08"]
[Round "3.13"]
[White "Koblasa, Josef"]
[Black "Scheckenbach, Franz"]
[Result "1/2-1/2"]
[WhiteElo "1938"]
[BlackElo "2101"]
[PlyCount "104"]
[EventDate "2020.03.06"]
[EventType "team-swiss"]
[EventRounds "7"]
[EventCountry "CZE"]
[SourceTitle "CBM 195 Extra"]
[Source "ChessBase"]
[SourceDate "2020.05.31"]
[SourceVersion "1"]
[SourceVersionDate "2020.05.31"]
[SourceQuality "1"]
[WhiteTeam "Czech Republic 50 XI"]
[BlackTeam "Germany 50 VI"]
[WhiteTeamCountry "CZE"]
[BlackTeamCountry "GER"]

1. c4 Nf6 2. Nc3 g6 3. g3 Bg7 4. Bg2 0-0 5. d4 d6 6. e4 Nc6 7. Nge2 a6 8. 0-0 Rb8 9. f4 Na5 10. Qd3 b5 11. cxb5 axb5 12. b3 b4 13. Na4 Bd7 14. Nb2 Bb5 15. Qc2 Nd7 16. Be3 c5 17. Nc4 Bxc4 18. bxc4 cxd4 19. Bxd4 Bxd4+ 20. Nxd4 Qb6 21. Qf2 Nxc4 22. Rac1 Na5 23. Nf3 Qxf2+ 24. Rxf2 Nc5 25. Ne1 b3 26. axb3 Naxb3 27. Rc3 Rb6 28. Nc2 Rfb8 29. Ne3 Nd4 30. Nf1 Rb2 31. Re3 Rxf2 32. Kxf2 Rb2+ 33. Kg1 Re2 34. Rxe2 Nxe2+ 35. Kf2 Nd4 36. Ke3 Ndb3 37. Bf3 Kf8 38. Be2 e6 39. g4 Ke7 40. Bc4 Na5 41. Bb5 d5 42. exd5 exd5 43. Ng3 Kd6 44. h4 Nc4+ 45. Kf2 Ne6 46. Ne2 Nc7 47. Ba4 Kc5 48. h5 Nd6 49. hxg6 hxg6 50. f5 gxf5 51. gxf5 d4 52. Bc2 Nd5 1/2-1/2

[Event "WchT Seniors 50"]
[Site "Prague"]
[Date "2020.03.07"]
[Round "2.5"]
[White "Scheckenbach, Franz"]
[Black "Goriatchkin, Jouri"]
[Result "0-1"]
[WhiteElo "2101"]
[BlackElo "2310"]
[PlyCount "128"]
[EventDate "2020.03.06"]
[EventType "team-swiss"]
[EventRounds "7"]
[EventCountry "CZE"]
[SourceTitle "CBM 195 Extra"]
[Source "ChessBase"]
[SourceDate "2020.05.31"]
[SourceVersion "1"]
[SourceVersionDate "2020.05.31"]
[SourceQuality "1"]
[WhiteTeam "Germany 50 VI"]
[BlackTeam "Russia 50"]
[WhiteTeamCountry "GER"]
[BlackTeamCountry "RUS"]

1. e4 e6 2. d3 d5 3. Qe2 Nf6 4. g3 dxe4 5. dxe4 e5 6. Nf3 Nc6 7. Bg2 Bg4 8. c3 Qd7 9. Bg5 Be7 10. Nbd2 h6 11. Be3 Bh3 12. Bxh3 Qxh3 13. Nh4 0-0-0 14. f3 Nh5 15. Nf5 Bf6 16. Bf2 Bg5 17. Ne3 Bxe3 18. Qxe3 Rd7 19. 0-0-0 Rhd8 20. Qe1 Qe6 21. Kb1 Rd3 22. Qe2 Qd7 23. Kc2 Na5 24. Nb3 Rxd1 25. Rxd1 Qxd1+ 26. Qxd1 Rxd1 27. Kxd1 Nxb3 28. axb3 b6 29. Ke2 Kd7 30. Kd3 Kc6 31. c4 Nf6 32. b4 a6 33. Be1 Nd7 34. Bc3 Kd6 35. f4 g6 36. Ke3 Ke6 37. Kf3 h5 38. h3 exf4 39. gxf4 b5 40. b3 Nb6 41. cxb5 axb5 42. Bd4 Nd7 43. Ke3 f5 44. e5 Kd5 45. h4 Nf8 46. Bc5 Ne6 47. Ba7 Nd8 48. Bc5 Nc6 49. Kf3 Nd8 50. Ke3 Ne6 51. Ba7 Kc6 52. Bd4 Nd8 53. Bc5 Kd5 54. Bd4 Nc6 55. Bc5 Nb8 56. Ba7 Na6 57. Bc5 Nxc5 58. bxc5 Kxc5 59. b4+ Kd5 60. Kd3 c5 61. bxc5 Kxc5 62. Kc3 Kd5 63. Kb4 g5 64. fxg5 f4 0-1

[Event "WchT Seniors 50"]
[Site "Prague"]
[Date "2020.03.06"]
[Round "1.22"]
[White "Kundt, Guenther"]
[Black "Scheckenbach, Franz"]
[Result "0-1"]
[WhiteElo "1747"]
[BlackElo "2101"]
[PlyCount "130"]
[EventDate "2020.03.06"]
[EventType "team-swiss"]
[EventRounds "7"]
[EventCountry "CZE"]
[SourceTitle "CBM 195 Extra"]
[Source "ChessBase"]
[SourceDate "2020.05.31"]
[SourceVersion "1"]
[SourceVersionDate "2020.05.31"]
[SourceQuality "1"]
[WhiteTeam "Germany 50 XI"]
[BlackTeam "Germany 50 VI"]
[WhiteTeamCountry "GER"]
[BlackTeamCountry "GER"]

1. d4 Nf6 2. c4 g6 3. Nc3 Bg7 4. e4 d6 5. Be2 0-0 6. Bg5 c5 7. d5 h6 8. Be3 a6 9. Qd2 Kh7 10. h4 h5 11. f3 b5 12. Nh3 Bxh3 13. Rxh3 bxc4 14. g4 Qc8 15. Rg3 Nbd7 16. f4 Nxg4 17. Bxg4 hxg4 18. 0-0-0 Nf6 19. Rdg1 Rb8 20. e5 dxe5 21. fxe5 Nh5 22. Rxg4 Bxe5 23. Rxc4 Qf5 24. Rg5 Qf1+ 25. Kc2 Qxc4 26. Rxe5 Rfe8 27. Qf2 Nf6 28. h5 Kg8 29. hxg6 fxg6 30. Qf3 Qb4 31. Nd1 Ng4 32. Re6 Nxe3+ 33. Qxe3 Qg4 34. Qd3 Kf7 35. Qxa6 Qg2+ 36. Kc1 Qxd5 37. Rxg6 Red8 38. Rg1 Qd2+ 39. Kb1 Qd3+ 40. Qxd3 Rxd3 41. Kc2 Rf3 42. Rg5 Rc8 43. Nc3 Rf2+ 44. Kb3 c4+ 45. Ka3 Ra8+ 46. Kb4 Rxb2+ 47. Kxc4 Rc8+ 48. Kd3 Rh2 49. Rg3 e5 50. a4 Ke6 51. Rf3 Rh4 52. Re3 Rd4+ 53. Ke2 Rb8 54. Kf3 Rb3 55. Ne4 Rxe3+ 56. Kxe3 Kd5 57. Nc3+ Kc5 58. a5 Kb4 59. Ne2 Rd5 60. a6 Kc4 61. Ke4 Ra5 62. a7 Rxa7 63. Nc1 Rd7 64. Kxe5 Rd2 65. Ke4 Rc2 0-1

[Event "Landesliga Sued 1819"]
[Site "Bayern"]
[Date "2019.03.24"]
[Round "8.8"]
[White "Jergler, Karl Heinz"]
[Black "Scheckenbach, Franz"]
[Result "1-0"]
[WhiteElo "2015"]
[BlackElo "2081"]
[PlyCount "59"]
[EventDate "2018.10.21"]
[EventType "team-tourn"]
[EventRounds "9"]
[EventCountry "GER"]
[SourceTitle "EXT 2022"]
[Source "ChessBase"]
[SourceDate "2021.10.06"]
[SourceVersion "1"]
[SourceVersionDate "2021.10.06"]
[SourceQuality "1"]
[WhiteTeam "Rottal Inn"]
[BlackTeam "Groebenzell"]
[WhiteTeamCountry "GER"]
[BlackTeamCountry "GER"]

1. e4 c5 2. c3 Nf6 3. e5 Nd5 4. d4 cxd4 5. Nf3 Nc6 6. Bc4 Nb6 7. Bb3 d5 8. exd6 Qxd6 9. 0-0 d3 10. Na3 Bf5 11. Nb5 Qd7 12. Bf4 0-0-0 13. a4 Nd5 14. Nd6+ exd6 15. Bxd5 Ne5 16. Be3 Nxf3+ 17. Qxf3 Kb8 18. Qf4 Be6 19. Qd4 Bxd5 20. Qxa7+ Kc8 21. Qa8+ Kc7 22. Qa5+ Kc8 23. Qxd5 Qe6 24. Qxd3 d5 25. Rfe1 Qc6 26. a5 Bc5 27. Bxc5 Qxc5 28. a6 Kb8 29. axb7 Qc6 30. Re7 1-0

[Event "Erfurt op 28th"]
[Site "Erfurt"]
[Date "2018.12.27"]
[Round "3"]
[White "Scheckenbach, Franz"]
[Black "Osmanodja, Filiz"]
[Result "0-1"]
[WhiteElo "2132"]
[BlackElo "2318"]
[PlyCount "76"]
[EventDate "2018.12.26"]
[EventType "swiss"]
[EventRounds "8"]
[EventCountry "GER"]
[SourceTitle "CBM 188 Extra"]
[Source "ChessBase"]
[SourceDate "2019.02.28"]
[SourceVersion "1"]
[SourceVersionDate "2019.02.28"]
[SourceQuality "1"]

1. d4 Nf6 2. Bg5 e6 3. e4 c5 4. c3 cxd4 5. Bxf6 Qxf6 6. cxd4 Bb4+ 7. Nc3 Qg6 8. Qf3 Nc6 9. Nge2 0-0 10. g3 e5 11. d5 Nd4 12. Qd3 f5 13. Bg2 d6 14. Nxd4 exd4 15. Qxd4 Bc5 16. Qd2 f4 17. 0-0-0 Bd7 18. Rde1 fxg3 19. f4 gxh2 20. Rxh2 Rac8 21. Bh3 Bxh3 22. Rxh3 Qg4 23. Reh1 h6 24. f5 Bb4 25. Qd4 Bc5 26. Qd3 b5 27. Kb1 b4 28. Ne2 Rce8 29. Rh4 Qg2 30. Ng3 Bf2 31. R1h3 Qg1+ 32. Kc2 b3+ 33. Kxb3 Rb8+ 34. Ka4 Rxb2 35. a3 Qe1 36. Rg4 Rfb8 37. Rh1 R2b4+ 38. Ka5 R4b5+ 0-1

[Event "WchT Seniors 50"]
[Site "Dresden"]
[Date "2018.07.11"]
[Round "5.4"]
[White "Scheckenbach, Franz"]
[Black "Tischbierek, Raj"]
[Result "0-1"]
[WhiteElo "2106"]
[BlackElo "2436"]
[PlyCount "64"]
[EventDate "2018.07.07"]
[EventType "team-swiss"]
[EventRounds "9"]
[EventCountry "GER"]
[SourceTitle "CBM 185 Extra"]
[Source "ChessBase"]
[SourceDate "2018.07.29"]
[SourceVersion "1"]
[SourceVersionDate "2018.07.29"]
[SourceQuality "1"]
[WhiteTeam "Groebenzell"]
[BlackTeam "Germany"]
[WhiteTeamCountry "GER"]
[BlackTeamCountry "GER"]

1. e4 c5 2. d3 Nc6 3. f4 g6 4. Nf3 Bg7 5. Be2 d6 6. 0-0 e6 7. Qe1 Nge7 8. Nc3 Nd4 9. Bd1 0-0 10. f5 exf5 11. Qh4 Nec6 12. Bg5 f6 13. Bd2 g5 14. Qf2 Nxf3+ 15. Bxf3 f4 16. Nd5 Be6 17. c3 Qd7 18. d4 cxd4 19. cxd4 f5 20. Bc3 Bxd5 21. exd5 Ne7 22. Rfe1 Kh8 23. Qe2 Rae8 24. Bh5 Ng6 25. Qc4 Re3 26. Re2 Rfe8 27. Rae1 R8e4 28. Bf3 Ne5 29. Qb3 Nxf3+ 30. gxf3 Rxe2 31. fxe4 Rxe1+ 32. Bxe1 fxe4 0-1

[Event "Landesliga Sued 1718"]
[Site "Bayern"]
[Date "2018.02.25"]
[Round "7.7"]
[White "Scheckenbach, Franz"]
[Black "Schindler, Sven"]
[Result "0-1"]
[WhiteElo "2033"]
[BlackElo "2156"]
[PlyCount "122"]
[EventDate "2017.10.22"]
[EventType "team-tourn"]
[EventRounds "9"]
[EventCountry "GER"]
[SourceTitle "EXT 2022"]
[Source "ChessBase"]
[SourceDate "2021.10.06"]
[SourceVersion "1"]
[SourceVersionDate "2021.10.06"]
[SourceQuality "1"]
[WhiteTeam "Groebenzell"]
[BlackTeam "Garching II"]
[WhiteTeamCountry "GER"]
[BlackTeamCountry "GER"]

1. e4 e6 2. d4 d5 3. Nc3 Nf6 4. e5 Nfd7 5. f4 c5 6. Nf3 Nc6 7. Be3 Qb6 8. Na4 Qa5+ 9. c3 cxd4 10. b4 Qc7 11. Nxd4 a6 12. Bd3 b5 13. Nb2 Ncxe5 14. 0-0 Nxd3 15. Nxd3 Be7 16. Qe1 0-0 17. Rf3 Nf6 18. Nf2 Bd7 19. Bd2 Bd6 20. g3 Rfe8 21. Qf1 Ne4 22. Be1 f5 23. Qd3 Rac8 24. a4 bxa4 25. Qxa6 Ra8 26. Qd3 Rec8 27. Re3 Qc4 28. Qd1 g6 29. Ra3 Bb5 30. Nd3 Kf7 31. Qf3 Bd7 32. Nb2 Qc7 33. Qd1 Ra7 34. Nd3 Qb7 35. Nf3 Kg8 36. Nd4 Qb6 37. Nf2 Be7 38. Nxe4 fxe4 39. Bf2 Qc7 40. Qd2 Ra6 41. Re1 Qc4 42. Be3 Bf6 43. Rd1 Kf7 44. Kg2 Qc7 45. Rf1 Qb7 46. Rb1 Bb5 47. Rba1 Rca8 48. Kf2 Qd7 49. Kg2 Kg8 50. Rb1 Rf8 51. Rd1 Bc4 52. h3 e5 53. Ne2 Qb5 54. Re1 Bg7 55. Bc5 Rf7 56. Be3 Qd7 57. Rd1 Rd6 58. Bc5 Rdf6 59. fxe5 Rf3 60. Nf4 R7xf4 61. gxf4 Qxh3+ 0-1

[Event "Landesliga Sued 1718"]
[Site "Bayern"]
[Date "2017.11.12"]
[Round "2.7"]
[White "Scheckenbach, Franz"]
[Black "Giss, Helene"]
[Result "1/2-1/2"]
[WhiteElo "2033"]
[BlackElo "2031"]
[PlyCount "87"]
[EventDate "2017.10.22"]
[EventType "team-tourn"]
[EventRounds "9"]
[EventCountry "GER"]
[SourceTitle "EXT 2022"]
[Source "ChessBase"]
[SourceDate "2021.10.06"]
[SourceVersion "1"]
[SourceVersionDate "2021.10.06"]
[SourceQuality "1"]
[WhiteTeam "Groebenzell"]
[BlackTeam "Dillingen"]
[WhiteTeamCountry "GER"]
[BlackTeamCountry "GER"]

1. e4 e6 2. d4 d5 3. Nc3 dxe4 4. Nxe4 Be7 5. Nf3 Nd7 6. Bd3 Ngf6 7. 0-0 b6 8. Nxf6+ Bxf6 9. Be4 Rb8 10. Bf4 Bb7 11. Bxb7 Rxb7 12. Qe2 0-0 13. Rad1 Qc8 14. Ne5 Nxe5 15. dxe5 Be7 16. Rd3 Rd8 17. Rfd1 c5 18. Rxd8+ Bxd8 19. Qd3 Be7 20. c4 Rb8 21. Kf1 Qb7 22. Qd7 Kf8 23. Qd3 Kg8 24. f3 Qa6 25. Qb3 Kf8 26. Qc2 g6 27. Rd7 Ke8 28. Qd3 Rb7 29. Rxb7 Qxb7 30. b3 Qd7 31. Ke2 Qxd3+ 32. Kxd3 Kd7 33. g4 h5 34. h3 Bh4 35. Ke2 Bd8 36. Be3 Bc7 37. gxh5 Bxe5 38. hxg6 fxg6 39. Kd3 Ke7 40. Ke4 Kf6 41. a4 Bc7 42. Bd2 Be5 43. Be1 Bc7 44. f4 1/2-1/2